Трансформация спектров тормозного излучения в зависимости от химического состава поглотителя; Тезисы докладов на шестой Межвузовской научной конференции по электронным ускорителям, посвященной памяти академика АН УССР А. К. Вальтера

Detalhes bibliográficos
Parent link:Тезисы докладов на шестой Межвузовской научной конференции по электронным ускорителям, посвященной памяти академика АН УССР А. К. Вальтера.— 1966.— С. 116-117
Autor principal: Воробьев В. А.
Outros Autores: Соколов Г. П.
Idioma:russo
Publicado em: 1966
Assuntos:
Formato: Capítulo de Livro
KOHA link:https://koha.lib.tpu.ru/cgi-bin/koha/opac-detail.pl?biblionumber=592686

MARC

LEADER 00000naa0a2200000 4500
001 592686
005 20250829144808.0
035 |a (RuTPU)RU\TPU\tpu\5071 
035 |a TPU00005072 
090 |a 592686 
100 |a 20011210d1966 k||y0rusy50 ca 
101 0 |a rus 
102 |a RU 
200 1 |a Трансформация спектров тормозного излучения в зависимости от химического состава поглотителя  |f В. А. Воробьев, Г. П. Соколов 
463 1 |t Тезисы докладов на шестой Межвузовской научной конференции по электронным ускорителям, посвященной памяти академика АН УССР А. К. Вальтера  |v С. 116-117  |d 1966 
610 1 |a электроника 
610 1 |a труды учёных ТПУ 
610 1 |a рентгенотехника 
610 1 |a ускорители 
700 1 |a Воробьев  |b В. А. 
701 1 |a Соколов  |b Г. П. 
801 0 |a RU  |b 63413507  |c 20011210  |g PSBO 
801 2 |a RU  |b 63413507  |c 20080306  |g PSBO 
942 |c BK